| Tag |
First Indicator |
Second Indicator |
Subfields |
| LEADER |
00000cam a2200000Ia 4500 |
| 001 |
in00002575921 |
| 005 |
20210904063153.0 |
| 006 |
m d |
| 007 |
cr cn| |
| 008 |
100323s2010 gw a sb 000 0 eng d |
| 020 |
|
|
|a 3642037356
|
| 020 |
|
|
|a 9783642037351
|
| 035 |
|
|
|a (OCoLC)567365466
|
| 035 |
|
|
|a (OCoLC)ocn567365466
|
| 035 |
|
|
|a 3706820
|
| 037 |
|
|
|a 978-3-642-03734-4
|b Springer
|n http://www.springerlink.com
|
| 040 |
|
|
|a GW5XE
|b eng
|c GW5XE
|d UtOrBLW
|
| 049 |
|
|
|a TXAC
|
| 050 |
1 |
4 |
|a HB615
|b .C66 2010
|
| 082 |
0 |
4 |
|a 338.5
|2 22
|
| 245 |
0 |
0 |
|a Coping with uncertainty :
|b robust solutions /
|c Kurt Marti, Yuri Ermoliev, Marek Makowski, editors.
|
| 264 |
|
1 |
|a Berlin ;
|a London :
|b Springer,
|c [2010]
|
| 264 |
|
4 |
|c ©2010
|
| 300 |
|
|
|a xvi, 277 pages :
|b illustrations ;
|c 24 cm.
|
| 336 |
|
|
|a text
|b txt
|2 rdacontent
|
| 337 |
|
|
|a computer
|b c
|2 rdamedia
|
| 338 |
|
|
|a online resource
|b cr
|2 rdacarrier
|
| 490 |
1 |
|
|a Lecture notes in economics and mathematical systems ;
|v 633
|
| 500 |
|
|
|a Electronic resource.
|
| 504 |
|
|
|a Includes bibliographical references.
|
| 533 |
|
|
|a Electronic reproduction.
|b New York :
|c Springer,
|d 2010.
|n Mode of access: World Wide Web.
|n System requirements: Web browser.
|n Title from title screen (viewed on Feb. 18, 2010).
|n Access may be restricted to users at subscribing institutions.
|
| 650 |
|
0 |
|a Uncertainty
|x Mathematical models.
|0 http://id.loc.gov/authorities/subjects/sh2008113073
|
| 650 |
|
0 |
|a Uncertainty.
|0 http://id.loc.gov/authorities/subjects/sh85139563
|
| 655 |
|
7 |
|a Electronic books.
|2 local
|
| 700 |
1 |
|
|a Ermolʹev, I︠U︡. M.
|q (I︠U︡riĭ Mikhaĭlovich)
|0 http://id.loc.gov/authorities/names/n79096594
|
| 700 |
1 |
|
|a Makowski, Marek
|q (Marek K.)
|0 http://id.loc.gov/authorities/names/n2007033087
|
| 700 |
1 |
|
|a Marti, Kurt,
|d 1943-
|0 http://id.loc.gov/authorities/names/n79080115
|
| 710 |
2 |
|
|a SpringerLink (Online service)
|0 http://id.loc.gov/authorities/names/no2005046756
|
| 776 |
1 |
|
|c Original
|z 9783642037344
|z 3642037348
|w (OCoLC)432409366
|
| 830 |
|
0 |
|a Lecture notes in economics and mathematical systems ;
|v 633.
|0 http://id.loc.gov/authorities/names/n42015164
|
| 856 |
4 |
0 |
|u http://proxy.library.tamu.edu/login?url=https://dx.doi.org/10.1007/978-3-642-03735-1
|z Connect to the full text of this electronic book
|t 0
|
| 994 |
|
|
|a 92
|b TXA
|
| 999 |
|
|
|a MARS
|
| 999 |
f |
f |
|s f783b498-d9bd-3e3d-9042-a04007d59dd7
|i c56e1be4-b05f-391f-9d88-a99c97a2f8c4
|t 0
|
| 952 |
f |
f |
|a Texas A&M University
|b College Station
|c Electronic Resources
|d Available Online
|t 0
|e HB615 .C66 2010
|h Library of Congress classification
|
| 998 |
f |
f |
|a HB615 .C66 2010
|t 0
|l Available Online
|